Statistiche per La cultura nei colori #3 - Blu

Clicka qui per fare il quiz!

Statistiche generali

  • Questo quiz è stato fatto 904 volte
  • Il punteggio medio è 10 su 22

Statistiche sulle risposte

DefinizioneRisposta% Corretto
Strani ometti blu, alti su per giù, due mele o poco piùI Puffi
85%
Film di fantascienza in cui gli abitanti di Pandora sono bluAvatar
74%
Così è comunemente conosciuta la celebre canzone di Domenico Modugno "Nel blu dipinto di blu"Volare
70%
Soprannome dato alle forze di mantenimento della pace delle Nazioni Unite.Caschi Blu
68%
Il corindone si chiama rubino quando è rosso. Che nome gli diamo se è blu?Zaffiro
67%
Elemento chimico con numero atomico 27, che ha dato il nome a una varietà di bluCobalto
64%
Gli sportivi italiani sono chiamati "Azzurri"; questo colore fu adottato inizialmente per rendere omaggio a questa casataSavoia
59%
Fiume blu in un famoso valzer composto da Johann Strauss II.Danubio
58%
L'azzurro presente nelle stampantiCiano
57%
Squadra di calcio italiana con la maglia "blucerchiata"Sampdoria
52%
Varietà di blu che identifica le confezioni di una famosa gioielleriaBlu Tiffany
46%
Uno dei monumenti più famosi di IstanbulLa Moschea Blu
39%
Varietà di blu che prende il nome da una nazione europea non più esistenteBlu di Prussia
38%
Città italiana che si ritiene abbia dato il nome ai Blue-JeansGenova
38%
Varietà di blu che ricorda l'orizzonte visto da una spiaggiaBlu Oltremare
34%
Le persone chiamate con il termine "uomini blu", a causa del colore dei loro veli.Tuareg
24%
Porta posta all'ingresso della città di Babilonia con mattoni ricoperti da lapislazzuliPorta di {Istar}
20%
Termine che designa la megalopoli europea che si estende da Londra a Milano.Banana Blu
16%
E' "Celeste" in una canzone di CoccianteNostalgia
16%
Il cantautore che ha scritto "Azzurro", portata dal successo da CelentanoPaolo Conte
16%
Grande città alla confluenza del Nilo Azzurro e del Nilo Bianco.Khartoum
15%
Computer che sfidò il campione di scacchi Kasparov negli anni '90Deep Blue
13%

Distribuzione punteggi

Percentile per numero di risposta

Percentuale di utenti per punteggio

I tuoi punteggi nel tempo

Non hai fatto questo quiz